'M' Movies - Statistics

General Stats
  • This quiz has been taken 70 times
  • The average score is 11 of 16
Answer Stats
Picture Answer % Correct
The Matrix
97%
Madagascar
92%
Monsters Inc.
92%
Mulan
89%
Mary Poppins
85%
The Mask
85%
Mean Girls
82%
Mission: Impossible
76%
Mr. & Mrs. Smith
61%
Mad Max
59%
Misery
56%
Memento
52%
Mars Attacks!
39%
Mortal Kombat
36%
Miracle on 34th Street
33%
Major League
32%
No matching quizzes found
Score Distribution
Percent of People with Each Score
Percentile by Number Answered
Your Score History
You have not taken this quiz